| 000 | 00669nam a2200169 a 4500 | ||
|---|---|---|---|
| 005 | 20140412111238.0 | ||
| 008 | 010710s19uu xx 00 eng d | ||
| 020 | _a1-57082-512-2 | ||
| 050 |
_aER _bTo55fr 1996 |
||
| 100 | _aParent, Nancy | ||
| 245 |
_aToy story: a friend is . . . / _cwritten by Nancy Parent. |
||
| 260 |
_aU. S. A : _bDisney Enterprises, Inc, _c1996. |
||
| 300 | _a1v. (unp.) ; ill. | ||
| 520 | _aTrue Blue Friends Woody and Buzz are friends to the end. How did this happen? The TOY STORY toys shows what friendship is really all about with page after page of increadible art right from the film! | ||
| 650 | _aToy story-Movies | ||
| 999 |
_c102543 _d102543 |
||